000
00257nam a2200097Ia 4500
008
240331s9999 xx 000 0 und d
082
_b
KOD
100
_a
Kodikara,C
245
4
_a
The struggle for equal political representation of women in Sri Lanka
942
_c
L
999
_c
5410
_d
5410